[Event "XXIV Open"]
[Site "Cappelle La Grande FRA"]
[Date "2008.02.17"]
[Round "2"]
[White "Degraeve,JM"]
[Black "Roser,K"]
[Result "1-0"]
[WhiteElo "2535"]
[BlackElo "2402"]
[EventDate "2008.02.16"]

1. e4 c5 2. Nf3 Nc6 3. d4 cxd4 4. Nxd4 Nf6 5. Nc3 d6 6. Bg5 e6 7. Qd2 Be7
8. O-O-O Nxd4 9. Qxd4 O-O 10. f4 Qa5 11. Bc4 Bd7 12. e5 dxe5 13. fxe5 Bc6
14. Bd2 Nd7 15. Nd5 Qd8 16. Nxe7+ Qxe7 17. Rhe1 Nb6 18. Bf1 Rfd8 19. Qg4
Rac8 20. Kb1 a6 21. Bd3 Rd5 22. Bg5 Qf8 23. Re3 Bb5 24. Bxh7+ Kxh7 25. Rxd5
Nxd5 26. Rh3+ Kg8 27. Qh5 f6 28. exf6 Nxf6 29. Bxf6 Qxf6 30. Qh7+ Kf7 31.
Rf3 Qxf3 32. gxf3 Rc5 33. f4 Rf5 34. Qh4 e5 35. a4 Bc6 36. fxe5 Rxe5 37.
Qf4+ Ke6 38. b3 Rf5 39. Qg4 Kf6 40. Kb2 g6 41. Qh4+ Kf7 42. b4 Rh5 43. Qg3
Rf5 44. c4 Kf6 45. Qc7 Kg5 46. Kc3 Kg4 47. b5 axb5 48. axb5 Bf3 49. Qg7 Kg5
50. Qh8 Rf4 51. Qe5+ Rf5 52. Qd6 Kh6 53. Kb4 Bh1 54. Qe7 Bg2 55. Ka5 Bf1
56. c5 Bg2 57. Kb6 Bd5 58. c6 bxc6 59. bxc6 Bxc6 60. Kxc6 Rh5 61. Qf8+ Kg5
62. Qg7 Rh3 63. Qe5+ Kh4 64. Kd5 g5 65. Ke4 Ra3 66. Kf5 1-0

[Event "XXIV Open"]
[Site "Cappelle La Grande FRA"]
[Date "2008.02.17"]
[Round "2"]
[White "Wang Puchen"]
[Black "Hebden,M"]
[Result "1/2-1/2"]
[WhiteElo "2383"]
[BlackElo "2530"]
[EventDate "2008.02.16"]

1. d4 Nf6 2. Nf3 g6 3. e3 Bg7 4. Bd3 O-O 5. O-O d6 6. Nbd2 Nbd7 7. e4 e5 8.
c3 b6 9. Re1 a5 10. Nf1 Bb7 11. Ng3 Re8 12. d5 c6 13. c4 Nc5 14. dxc6 Bxc6
15. Bc2 Qc7 16. Nd2 h5 17. f3 b5 18. Ne2 bxc4 19. Nxc4 d5 20. exd5 Nxd5 21.
Bg5 e4 22. Nd4 Bxd4+ 23. Qxd4 Ne6 24. Qd2 Nxg5 25. Qxg5 Nb4 26. Rac1 Nxc2
27. Rxc2 exf3 28. Ne5 Qa7+ 29. Rf2 fxg2 30. Rc1 Rxe5 31. Qxe5 Re8 32. Qf4
Bd5 33. Qd2 Ba8 34. Re1 Rxe1+ 35. Qxe1 Bd5 36. Qe5 Qc5 37. Qc3 Qe7 38. Qd2
Qe5 39. Re2 Qf5 40. Re1 Bxa2 41. Qxg2 Bd5 42. Qg3 Bc6 43. h4 a4 44. Re2 Qd5
45. Qf4 Qd1+ 46. Kf2 Qh1 47. Rd2 Qg2+ 48. Ke3 Qg1+ 49. Qf2 Qc1 50. Qf6 Bb5
51. Qg5 Bc4 52. Kd4 Be6 53. Qf4 Kg7 54. Ke3 Qg1+ 55. Qf2 Qh1 56. Qg3 Bg4
57. Kd4 Qc1 58. Qc3 Qe1 59. Kc5+ Kh7 60. Qf6 Qxd2 1/2-1/2

[Event "XXIV Open"]
[Site "Cappelle La Grande FRA"]
[Date "2008.02.17"]
[Round "2"]
[White "Stanojoski,Z"]
[Black "Saravanan,V1"]
[Result "0-1"]
[WhiteElo "2529"]
[BlackElo "2379"]
[EventDate "2008.02.16"]

1. c4 g6 2. g3 Bg7 3. Bg2 e5 4. Nc3 Nc6 5. d3 d6 6. Nf3 f5 7. h4 Nf6 8. Bd2
h6 9. Qc1 Be6 10. O-O Qd7 11. Nh2 g5 12. hxg5 hxg5 13. Bxg5 f4 14. Nd5 Kf7
15. Bh4 Nd4 16. Re1 Bh3 17. Nxf4 exf4 18. Qxf4 Bxg2 19. Qxd4 Bc6 20. f3 Qh3
21. Qf4 Kg8 22. e4 Rf8 23. Qg5 Rh5 24. Qd2 Rxh4 25. gxh4 Nh5 26. Qg2 Qxg2+
27. Kxg2 Nf4+ 28. Kh1 Nxd3 29. Re3 Nxb2 30. Rc1 Kf7 31. Ng4 Rh8 32. Kg2
Rxh4 33. Kg3 Rh8 34. e5 dxe5 35. Rc2 e4 36. fxe4 Ke6 37. e5 Na4 38. Nf6 Nc5
39. Kg4 Nd7 40. Nxd7 Bxd7 41. Rce2 Rh1 42. Rb3 Bc6 43. Rg3 Rf1 44. Rh2 Bxe5
45. Rh6+ Rf6 46. Rxf6+ Bxf6 0-1

[Event "XXIV Open"]
[Site "Cappelle La Grande FRA"]
[Date "2008.02.17"]
[Round "2"]
[White "Melia,S"]
[Black "Renet,O"]
[Result "1/2-1/2"]
[WhiteElo "2362"]
[BlackElo "2513"]
[EventDate "2008.02.16"]

1. e4 e5 2. Nf3 Nc6 3. Bb5 a6 4. Ba4 Nf6 5. d3 d6 6. c3 g6 7. O-O Bg7 8.
Nbd2 O-O 9. Re1 Re8 10. Nf1 h6 11. Ng3 b5 12. Bb3 Na5 13. Bc2 c5 14. h3 Bb7
15. Be3 c4 16. d4 exd4 17. Bxd4 Nc6 18. Be3 d5 19. Bc5 dxe4 20. Nxe4 Ne5
21. Nxe5 Rxe5 22. Qxd8+ Rxd8 23. Nxf6+ Bxf6 24. Rxe5 Bxe5 25. Rd1 Rxd1+ 26.
Bxd1 Be4 27. g3 f5 28. f4 Bf6 1/2-1/2

[Event "XXIV Open"]
[Site "Cappelle La Grande FRA"]
[Date "2008.02.17"]
[Round "2"]
[White "Moroz,A"]
[Black "Bruned,Y"]
[Result "1-0"]
[WhiteElo "2512"]
[BlackElo "2359"]
[EventDate "2008.02.16"]

1. e4 c5 2. Nf3 d6 3. d4 cxd4 4. Nxd4 Nf6 5. Nc3 a6 6. Be2 e6 7. O-O Be7 8.
f4 O-O 9. Kh1 Nc6 10. Be3 Qc7 11. Qe1 Bd7 12. Qg3 b5 13. a3 Rac8 14. Bd3 g6
15. Nxc6 Bxc6 16. f5 d5 17. Bf4 Qb7 18. fxg6 fxg6 19. Bh6 dxe4 20. Bxf8
Rxf8 21. Be2 Qd7 22. Rad1 Bd5 23. Qh3 Qd6 24. Nxd5 exd5 25. c3 Kg7 26. Qe3
Bd8 27. a4 Bc7 28. g3 bxa4 29. Qa7 a5 30. c4 Rf7 31. cxd5 a3 32. bxa3 Bb6
33. Qa6 e3 34. Qd3 Re7 35. Rf4 Bc5 36. a4 Re5 37. Bf3 h5 38. Rc4 1-0

[Event "XXIV Open"]
[Site "Cappelle La Grande FRA"]
[Date "2008.02.17"]
[Round "2"]
[White "Shalnev,N"]
[Black "Mamedjarova,T"]
[Result "1/2-1/2"]
[WhiteElo "2497"]
[BlackElo "2313"]
[EventDate "2008.02.16"]

1. e4 e5 2. Nf3 Nf6 3. Nxe5 d6 4. Nf3 Nxe4 5. Qe2 Qe7 6. d3 Nf6 7. Bg5
Qxe2+ 8. Bxe2 Be7 9. Nc3 O-O 10. O-O-O a6 11. Rhe1 Nc6 12. h3 Be6 13. d4
Nd5 14. Nxd5 Bxd5 15. Bxe7 1/2-1/2

[Event "XXIV Open"]
[Site "Cappelle La Grande FRA"]
[Date "2008.02.17"]
[Round "2"]
[White "Hirneise,T"]
[Black "Glud,J"]
[Result "1-0"]
[WhiteElo "2324"]
[BlackElo "2486"]
[EventDate "2008.02.16"]

1. e4 e5 2. Nf3 Nc6 3. Bb5 a6 4. Ba4 Nf6 5. O-O Be7 6. Re1 b5 7. Bb3 d6 8.
c3 O-O 9. h3 Nb8 10. d4 Nbd7 11. Nbd2 Bb7 12. Bc2 c5 13. d5 g6 14. Nf1 Nh5
15. Bh6 Ng7 16. Ne3 Nf6 17. a4 Qd7 18. b3 Nfh5 19. g4 Nf4 20. Kh2 Bf6 21.
Qd2 Rfc8 22. Rg1 c4 23. bxc4 bxc4 24. Rg3 Rab8 25. Rag1 Ba8 26. Ne1 Rb2 27.
N1g2 Qxa4 28. g5 Be7 29. Nxf4 Rxc2 30. Nxc2 exf4 31. Rg4 Nh5 32. Rh4 Qa2
33. Qd4 Bf8 34. Bxf8 Rxf8 35. Ne1 Re8 36. Ng2 f3 37. Rxh5 gxh5 38. Nh4 Qe2
39. g6 Re5 40. gxf7+ 1-0

[Event "XXIV Open"]
[Site "Cappelle La Grande FRA"]
[Date "2008.02.17"]
[Round "2"]
[White "Arribas Robaina,M"]
[Black "Van der Weide,K"]
[Result "0-1"]
[WhiteElo "2334"]
[BlackElo "2483"]
[EventDate "2008.02.16"]

1. e4 c5 2. Nf3 e6 3. c3 Nf6 4. e5 Nd5 5. d4 cxd4 6. cxd4 b6 7. Nc3 Nxc3 8.
bxc3 Qc7 9. Bd2 Bb7 10. Bd3 d6 11. O-O Nd7 12. exd6 Bxd6 13. h3 Bf4 14.
Bxf4 Qxf4 15. Re1 Bxf3 16. Qxf3 Qxf3 17. gxf3 Nf6 18. a4 Rc8 19. a5 O-O 20.
axb6 axb6 21. Ra3 Nd5 22. c4 Nf4 23. Bf1 Rfd8 24. Rd1 g5 25. Rb3 Rd6 26.
Rb5 h6 27. Kh2 Rcd8 28. Rdb1 Rxd4 29. Rxb6 Rd2 30. Kg3 Nh5+ 31. Kg2 Rc2 32.
Rb8 Rxb8 33. Rxb8+ Kg7 34. Rb1 f5 35. Ra1 Kf6 36. Rb1 Nf4+ 37. Kg1 Kg6 38.
Re1 Kh5 0-1

[Event "XXIV Open"]
[Site "Cappelle La Grande FRA"]
[Date "2008.02.17"]
[Round "2"]
[White "Logothetis,S"]
[Black "Tunik,G"]
[Result "0-1"]
[WhiteElo "2312"]
[BlackElo "2473"]
[EventDate "2008.02.16"]

1. Nf3 Nf6 2. c4 e6 3. Nc3 Bb4 4. Qc2 O-O 5. a3 Bxc3 6. Qxc3 d6 7. e3 e5 8.
b4 Bg4 9. Bb2 Nbd7 10. Be2 e4 11. Nd4 Bxe2 12. Nxe2 Ne5 13. O-O Nd3 14.
Rad1 a5 15. b5 Nxb2 16. Qxb2 Nd7 17. Qd4 Re8 18. Nc3 Nc5 19. Nd5 c6 20. Nf4
Qd7 21. bxc6 bxc6 22. d3 Rad8 23. dxe4 Rxe4 24. Qc3 Qc7 25. Rd4 Rb8 26.
Rxe4 Nxe4 27. Qc2 Nc5 28. Rb1 a4 29. Nd3 Rxb1+ 30. Qxb1 Nxd3 31. Qxd3 Qa5
32. g3 Qc5 33. Kf1 g6 34. h4 h5 35. Ke2 Kf8 36. Ke1 Ke7 37. Ke2 Kd7 38. Ke1
Qe5 39. Qd4 Qxd4 40. exd4 Ke6 41. Ke2 c5 42. dxc5 dxc5 43. Ke3 Ke5 44. f3
Kf5 45. Ke2 g5 46. Ke3 gxh4 47. gxh4 Ke5 48. f4+ Kf5 49. Kf3 f6 50. Ke3 Kg4
51. Ke4 Kxh4 0-1

[Event "XXIV Open"]
[Site "Cappelle La Grande FRA"]
[Date "2008.02.17"]
[Round "2"]
[White "Akesson,R"]
[Black "Fierro Baquero,M"]
[Result "1/2-1/2"]
[WhiteElo "2470"]
[BlackElo "2341"]
[EventDate "2008.02.16"]

1. d4 g6 2. c4 Bg7 3. e4 d6 4. Nc3 Nf6 5. h3 O-O 6. Bg5 c6 7. Nf3 Nbd7 8.
Be2 e5 9. d5 h6 10. Be3 Ne8 11. g4 a6 12. Qd2 Kh7 13. g5 h5 14. dxc6 bxc6
15. c5 Qe7 16. Na4 dxc5 17. Qa5 Nd6 18. Nxc5 Nb5 19. Rc1 Nd4 20. Qc3 Nxc5
21. Qxc5 Re8 22. Qxe7 Rxe7 23. Kd2 Be6 24. b3 a5 25. Bxd4 exd4 26. Rc2 a4
27. b4 a3 28. h4 Bg4 29. Ng1 Bxe2 30. Nxe2 Rxe4 31. Nc1 d3 32. Nxd3 Rd8 33.
Rxc6 Red4 34. Rh3 Rxb4 35. Ke2 Re4+ 36. Kf1 Rde8 37. Nc5 Rc4 1/2-1/2

[Event "XXIV Open"]
[Site "Cappelle La Grande FRA"]
[Date "2008.02.17"]
[Round "2"]
[White "Rasmussen,A"]
[Black "Matseyko,K"]
[Result "1-0"]
[WhiteElo "2468"]
[BlackElo "2301"]
[EventDate "2008.02.16"]

1. e4 e5 2. Nf3 Nc6 3. Bb5 a6 4. Ba4 Nf6 5. O-O Be7 6. Re1 b5 7. Bb3 O-O 8.
a4 Bb7 9. d3 d6 10. Nbd2 Na5 11. Ba2 c5 12. Nf1 Nd7 13. c3 c4 14. Ne3 Nc5
15. dxc4 bxa4 16. Nd5 Bc6 17. Be3 Nab3 18. Bxb3 Nxb3 19. Bb6 Qd7 20. Ra3
Rab8 21. c5 Bd8 22. cxd6 Qxd6 23. Be3 Be7 24. c4 Qe6 25. Ra2 Bc5 26. Ng5
Qd6 27. Qh5 h6 28. Nf3 Rfe8 29. Nh4 Bxe3 30. Rxe3 Nd4 31. h3 Rb7 32. Nf5
Nxf5 33. Qxf5 Bd7 34. Qh5 Reb8 35. c5 Qe6 36. Qe2 Rb5 37. Rc3 Bc6 38. Qd2
Kh7 39. Qc2 Kh8 40. Qxa4 Rxb2 41. Qxa6 Rb1+ 42. Kh2 Re1 43. Re2 Rd1 44. Ne3
Rd4 45. Nf5 Rd1 46. Qa2 Qf6 47. Rf3 Rbb1 48. Ng3 Qh4 49. Rxf7 Kh7 50. Rxg7+
1-0

[Event "XXIV Open"]
[Site "Cappelle La Grande FRA"]
[Date "2008.02.17"]
[Round "2"]
[White "Thomassen,J"]
[Black "Zilberman,Y"]
[Result "0-1"]
[WhiteElo "2308"]
[BlackElo "2463"]
[EventDate "2008.02.16"]

1. e4 e5 2. Nf3 Nc6 3. Bb5 a6 4. Ba4 Nf6 5. O-O Be7 6. Re1 b5 7. Bb3 d6 8.
c3 O-O 9. h3 Na5 10. Bc2 c5 11. d4 Nc6 12. Nbd2 cxd4 13. cxd4 exd4 14. Nb3
Nb4 15. Nbxd4 Nxc2 16. Nc6 Nxe1 17. Nxd8 Nxf3+ 18. Qxf3 Rxd8 19. e5 Be6 20.
exf6 Bxf6 21. h4 Bxh4 22. Bd2 Bf6 23. Bc3 Bxc3 24. Qxc3 Rdc8 25. Qd2 Rc6
26. Rc1 Rac8 27. Rxc6 Rxc6 28. Kh2 h6 29. a3 Kh7 30. Kg3 g6 31. Qa5 d5 32.
a4 bxa4 33. Qxa4 Rb6 34. Qd4 Rb3+ 35. Kf4 a5 36. Ke5 Rb4 37. Qd2 d4 38. Kf6
Bb3 39. Ke7 Rb7+ 40. Kd6 Rb5 41. Ke7 Rb7+ 42. Kd6 Be6 43. Kc6 Rb4 44. Kd6
h5 45. Ke7 d3 46. Qxd3 Rxb2 47. Qd4 Rb7+ 48. Kf6 Bb3 49. f3 a4 50. Qc5 Rb8
51. g4 hxg4 52. fxg4 Re8 53. Kg5 Re6 54. Qf8 Ra6 55. Qb4 f6+ 56. Kh4 g5+
57. Kg3 Ra7 58. Qd4 Rf7 59. Qd6 Kg7 60. Kf2 Ra7 61. Qc5 Rd7 62. Kg3 Bf7 63.
Qa3 Rd4 64. Kh3 Kg6 65. Qe3 Rb4 66. Qd3+ Kg7 67. Qa6 Rb3+ 68. Kg2 a3 0-1

[Event "XXIV Open"]
[Site "Cappelle La Grande FRA"]
[Date "2008.02.17"]
[Round "2"]
[White "Berry,N"]
[Black "De la Villa Garcia,J"]
[Result "1/2-1/2"]
[WhiteElo "2319"]
[BlackElo "2460"]
[EventDate "2008.02.16"]

1. d4 Nf6 2. c4 d6 3. Nc3 e5 4. d5 Be7 5. e4 Nbd7 6. Be3 Nc5 7. f3 a5 8.
Qd2 h6 9. O-O-O Nfd7 10. g3 Nb6 11. Kb1 f5 12. Bxc5 dxc5 13. Bd3 O-O 14.
exf5 Bxf5 15. Bxf5 Rxf5 16. Qd3 Qd7 17. h4 Raf8 18. Rh2 Nc8 19. Ne4 b6 20.
Re2 Nd6 21. Rde1 R5f7 22. Nxd6 cxd6 23. Re4 Qf5 24. R1e3 Bd8 25. Rg4 h5 26.
Qxf5 Rxf5 27. Rge4 g5 28. hxg5 Rxg5 29. Ne2 Rgf5 30. Ng1 Rg5 31. Ne2 Rgf5
32. Ng1 Rg5 1/2-1/2

[Event "XXIV Open"]
[Site "Cappelle La Grande FRA"]
[Date "2008.02.17"]
[Round "2"]
[White "Smith,Ax"]
[Black "Borsuk,A"]
[Result "0-1"]
[WhiteElo "2458"]
[BlackElo "2312"]
[EventDate "2008.02.16"]

1. d4 d6 2. e4 Nf6 3. Nc3 e5 4. dxe5 dxe5 5. Qxd8+ Kxd8 6. Bg5 Be6 7.
O-O-O+ Nbd7 8. f4 exf4 9. Nf3 Kc8 10. Bxf4 Bc5 11. Ng5 Bg4 12. Be2 Bxe2 13.
Nxe2 Ng4 14. Rhf1 Re8 15. Kb1 f6 16. Nh3 g5 17. Bd2 Nxh2 18. Rh1 Ng4 19.
Ng3 c6 20. b4 Bd6 21. Nf5 Be5 22. Rdf1 Nb6 23. Nf2 Nc4 24. Bc1 Nxf2 25.
Rxf2 a5 26. Rxh7 axb4 27. Rf1 Rd8 28. Ng7 Na3+ 29. Bxa3 bxa3 30. Ne6 Re8
31. Ng7 Rg8 32. Rd1 Ra4 33. c3 Rxe4 34. Nf5 Re8 35. Ng7 Re7 36. Kc2 Re2+
37. Kb3 Rxg2 38. Kxa3 Bxc3 39. Rh8+ Kc7 40. Ne8+ Kb6 41. Nd6 Ree2 42. Rb1+
Kc5 43. Nxb7+ Kc4 44. Nd6+ Kd5 45. Nf5 Kc4 46. Nd6+ Kd3 47. Rh3+ Re3 48.
Rd1+ Ke2 49. Rxe3+ Kxe3 50. Kb3 Be5 51. Nc4+ Ke2 52. Rc1 Rg3+ 53. Kb4 Bf4
54. Rh1 g4 55. Rh4 Kf3 56. Rh5 Bg5 57. a4 Rh3 58. Ne5+ Kg2 0-1

[Event "XXIV Open"]
[Site "Cappelle La Grande FRA"]
[Date "2008.02.17"]
[Round "2"]
[White "Sandipan,C"]
[Black "Hrabinska,M"]
[Result "1/2-1/2"]
[WhiteElo "2593"]
[BlackElo "2263"]
[EventDate "2008.02.16"]

1. d4 Nf6 2. Nf3 d5 3. c4 e6 4. Bg5 Be7 5. e3 O-O 6. Nbd2 h6 7. Bh4 c5 8.
dxc5 Na6 9. cxd5 Nxc5 10. Rc1 Nxd5 11. Bxe7 Qxe7 12. Bc4 b6 13. O-O Bb7 14.
a3 a5 15. Nb3 Rac8 16. Qe2 Rfd8 17. Nbd4 Qf6 18. Rfd1 Ne4 19. Ba6 Bxa6 20.
Qxa6 Nc5 21. Qe2 Rc7 22. g3 e5 23. Nb5 Rcd7 24. e4 Ne7 25. Rxd7 Rxd7 26.
Kg2 Nc6 27. Rc4 Qe6 28. Qc2 a4 29. Qe2 Na5 30. Rc2 Nab3 31. Qc4 Qxc4 32.
Rxc4 Nd2 33. Rc2 Ncxe4 34. Nxe5 Rd5 35. Nc4 Nxc4 36. Rxc4 Nxf2 37. Nc3 Rd2
38. Kf3 Rxb2 39. Nxa4 Ra2 40. Nxb6 Nd3 41. Rc8+ Kh7 42. a4 Rb2 43. a5 Ra2
44. Ra8 Nc5 45. Nc4 f6 46. Ra7 Nd3 47. Nd6 Ne5+ 48. Ke4 Nc6 49. Rc7 Nxa5
50. Nf5 Ra4+ 51. Kf3 Nc4 52. Rxg7+ Kh8 53. Re7 Ne5+ 54. Ke2 h5 55. Rb7 Ra3
56. Rb6 Ra2+ 57. Kf1 Ng4 58. Kg1 Ra5 59. Rb8+ Kh7 60. Rb7+ Kg6 61. Nh4+ Kh6
62. Kg2 Ne3+ 63. Kf3 Nf5 64. Nxf5+ Rxf5+ 65. Kg2 Ra5 66. Kh3 Ra4 67. Rc7
Kg5 68. Rc5+ Kg6 69. Rc8 Kg5 70. Rc5+ Kg6 71. Rc8 Kg5 1/2-1/2

[Event "XXIV Open"]
[Site "Cappelle La Grande FRA"]
[Date "2008.02.17"]
[Round "2"]
[White "Denayer,E"]
[Black "L'Ami,E"]
[Result "0-1"]
[WhiteElo "2264"]
[BlackElo "2581"]
[EventDate "2008.02.16"]

1. c4 Nf6 2. Nf3 c6 3. d4 d5 4. cxd5 cxd5 5. Nc3 Nc6 6. Bf4 Ne4 7. e3 Nxc3
8. bxc3 g6 9. Ne5 Nxe5 10. Bxe5 f6 11. Bg3 Bg7 12. Bd3 O-O 13. Qb3 f5 14.
O-O g5 15. f4 g4 16. c4 dxc4 17. Bxc4+ Kh8 18. Be1 b6 19. Bc3 Bb7 20. Be6
Be4 21. Rfd1 Qe8 22. d5 Qg6 23. Rac1 g3 24. Bxg7+ Qxg7 25. hxg3 Qxg3 26.
Qc3+ Qg7 27. Qxg7+ Kxg7 28. Rc7 Kf6 29. Rd4 h5 30. Kf2 b5 31. Rd1 a5 32.
Bd7 b4 33. d6 e6 34. Bc6 Bxc6 35. Rxc6 Ra7 36. Rc7 Rxc7 37. dxc7 Ke7 38.
Rc1 Kd7 39. Rc5 Ra8 40. c8=Q+ Rxc8 41. Rxa5 Rc2+ 42. Kg3 Kc6 43. a4 Rc5 44.
Ra6+ Kb7 45. Rd6 Rc6 46. Rd1 Kb6 47. Kh4 Ka5 48. Kxh5 Rc2 49. Kg5 b3 50.
Kf6 Rc6 51. e4 fxe4 52. Re1 b2 53. Rb1 Rb6 54. Ke5 e3 55. Kd4 e2 56. Ke3
e1=Q 57. Rxe1 b1=Q 58. Rxb1 Rxb1 59. g4 Kb6 60. Ke4 Kc6 61. Ke5 Kd7 0-1

[Event "XXIV Open"]
[Site "Cappelle La Grande FRA"]
[Date "2008.02.17"]
[Round "2"]
[White "Wege,J"]
[Black "Mamedov,Nid"]
[Result "0-1"]
[WhiteElo "2261"]
[BlackElo "2574"]
[EventDate "2008.02.16"]

1. e4 c5 2. Nf3 d6 3. d4 cxd4 4. Nxd4 Nf6 5. Nc3 Nc6 6. f3 e5 7. Nb3 Be7 8.
Be3 O-O 9. g4 a5 10. Bb5 Na7 11. Be2 Nc6 12. Bb5 Na7 13. Be2 Be6 14. Qd2
Nc6 15. Bb5 d5 16. exd5 Nxd5 17. Nxd5 Bxd5 18. O-O a4 19. Nc5 Qa5 20. Qxd5
Qxb5 21. Qd3 Qxd3 22. Nxd3 Rfc8 23. Rac1 f6 24. Rf2 Kf7 25. Rd2 Rd8 26. Kg2
Rac8 27. Bb6 Rd5 28. Rcd1 Nd4 29. c3 Ne6 30. a3 Rxd3 31. Rxd3 Nf4+ 32. Kf2
Nxd3+ 33. Rxd3 Ke6 34. Ke2 Rc6 35. Ba5 b5 36. Bb4 Bd6 37. Re3 Bxb4 38. axb4
g6 39. f4 Kd5 40. fxe5 fxe5 41. Kd3 Rf6 42. Re2 Rf4 43. Rg2 e4+ 44. Kd2 Rf3
45. g5 e3+ 46. Kd3 Rf2 47. Rg4 Rxb2 48. Kxe3 a3 49. c4+ bxc4 50. Rd4+ Kc6
51. Rxc4+ Kb5 52. Rc8 a2 53. Ra8 Kxb4 54. Kd4 Rd2+ 55. Ke5 Rxh2 56. Kf6 Kb3
57. Rb8+ Kc2 0-1

[Event "XXIV Open"]
[Site "Cappelle La Grande FRA"]
[Date "2008.02.17"]
[Round "2"]
[White "Platel,A"]
[Black "Rozentalis,E"]
[Result "0-1"]
[WhiteElo "2248"]
[BlackElo "2567"]
[EventDate "2008.02.16"]

1. e4 e6 2. d4 d5 3. Nc3 Bb4 4. Nge2 Nc6 5. a3 Ba5 6. Be3 dxe4 7. b4 Bb6 8.
Nxe4 e5 9. d5 Nce7 10. Bxb6 axb6 11. d6 Nf5 12. dxc7 Qxc7 13. N2g3 Nge7 14.
Bb5+ Kf8 15. O-O h5 16. Nxh5 Nd4 17. c4 Bf5 18. Nhg3 Rd8 19. Rc1 Bg6 20.
Qe1 Ng8 21. a4 Qe7 22. Qe3 Rh4 23. f3 f5 24. Qg5 Qxg5 25. Nxg5 f4 26. N3e4
Bxe4 27. fxe4 Ne2+ 28. Kh1 Ke7 29. Nf3 Rh5 30. g4 fxg3 31. Rc2 Nf4 32. Kg1
g2 33. Rfc1 Nf6 34. Ne1 Nxe4 35. Nxg2 Nh3+ 36. Kf1 Nd2+ 37. Ke2 Nb3 38. c5
Nxc1+ 39. Rxc1 Rg5 40. Ne1 Nf4+ 41. Kf3 bxc5 42. Rxc5 Ne6 43. Rc3 Rf8+ 44.
Ke3 Rh5 45. Rd3 Rh3+ 46. Ke4 Rf4+ 47. Kd5 Rh5 0-1

[Event "XXIV Open"]
[Site "Cappelle La Grande FRA"]
[Date "2008.02.17"]
[Round "2"]
[White "Abbasov,F"]
[Black "Upton,T"]
[Result "1-0"]
[WhiteElo "2519"]
[BlackElo "2247"]
[EventDate "2008.02.16"]

1. d4 d5 2. c4 e6 3. Nc3 Be7 4. Nf3 Nf6 5. g3 O-O 6. Bg2 b6 7. O-O Bb7 8.
cxd5 Nxd5 9. Nxd5 Bxd5 10. Qc2 Nd7 11. e4 Bb7 12. Rd1 Rc8 13. Bf4 Nf6 14.
Ne5 c5 15. d5 exd5 16. exd5 Bd6 17. Nc6 Qd7 18. Bxd6 Qxd6 19. Nxa7 Rcd8 20.
Nb5 Qe5 21. d6 Ba6 22. Re1 Qh5 23. Nc7 Bc8 24. Rad1 Bg4 25. Rd2 Bf3 26. Qc3
Bxg2 27. Kxg2 Qf5 28. Qf3 Qd7 29. b3 Rc8 30. Re7 Qd8 31. a4 Rb8 32. g4 h6
33. h4 Rc8 34. g5 hxg5 35. hxg5 Nh7 36. Qe3 g6 37. Ne6 fxe6 38. Qxe6+ Kh8
39. Qe5+ Nf6 40. gxf6 1-0

[Event "XXIV Open"]
[Site "Cappelle La Grande FRA"]
[Date "2008.02.17"]
[Round "2"]
[White "Sergeev,Vl"]
[Black "Lallemand,R"]
[Result "1/2-1/2"]
[WhiteElo "2502"]
[BlackElo "2246"]
[EventDate "2008.02.16"]

1. Nf3 c5 2. e4 d6 3. c3 Nf6 4. g3 g6 5. Bg2 Bg7 6. O-O O-O 7. Re1 Nc6 8.
d3 Qc7 9. Nbd2 Rb8 10. a3 b5 11. d4 a5 12. dxc5 dxc5 13. a4 b4 14. Nc4 Nh5
15. Bd2 Rd8 16. Qc2 bxc3 17. bxc3 Ba6 18. Bf1 Qd7 19. Be3 Qe6 20. Ng5 Qc8
21. Rab1 Rxb1 22. Rxb1 h6 23. Nb6 Qb7 24. Nd5 Qa7 25. Bxa6 hxg5 26. Be2 e6
27. Nb6 Qe7 28. Rb5 Qf6 29. Rxc5 Ne5 30. Nc4 Nf3+ 31. Bxf3 Qxf3 32. Nd2 Qe2
33. Bxg5 Rd3 34. e5 Kh7 35. Qc1 Bh6 36. Bxh6 Kxh6 37. Nf1+ g5 38. Ne3 Rd2
39. Qf1 Qf3 40. Qg2 Qe2 41. h3 Ra2 42. Rxa5 Qe1+ 43. Kh2 f5 44. exf6 Nxf6
45. Re5 Kg6 46. Rxg5+ Kxg5 47. f4+ Kg6 48. Qxa2 Qxe3 49. a5 Nh5 50. Qg2
Qxc3 51. a6 Qa3 52. g4 Nf6 53. Qc2+ Kg7 54. Qe2 Kf7 55. Qc4 Qf3 56. f5 Qf2+
57. Kh1 Qf3+ 58. Kg1 Qg3+ 59. Kf1 Qxh3+ 60. Ke2 Qg2+ 61. Ke1 Qh1+ 62. Ke2
Qg2+ 63. Ke1 Qg1+ 64. Kd2 Qg2+ 65. Kc1 Qg1+ 66. Kb2 Qb6+ 67. Kc1 Qg1+ 68.
Kc2 Qg2+ 69. Kc1 Qg1+ 1/2-1/2

[Event "XXIV Open"]
[Site "Cappelle La Grande FRA"]
[Date "2008.02.17"]
[Round "2"]
[White "Reinaldo Castineira,R"]
[Black "Steel,H"]
[Result "1-0"]
[WhiteElo "2473"]
[BlackElo "2241"]
[EventDate "2008.02.16"]

1. c4 Nf6 2. g3 g6 3. Bg2 Bg7 4. Nc3 O-O 5. Nf3 c6 6. O-O d5 7. cxd5 cxd5
8. d4 Nc6 9. Ne5 e6 10. Nxc6 bxc6 11. Na4 Nd7 12. Bf4 Qf6 13. Qc2 Bb7 14.
Rfd1 Rfc8 15. Bd6 Qd8 16. Nc5 Nxc5 17. Bxc5 a5 18. a4 Ba6 19. Ra3 Bf8 20.
Rc3 Bxc5 21. Rxc5 Qb6 22. b3 Rab8 23. Rc3 Qb4 24. Bf1 Rb6 25. Qc1 Rcb8 26.
Rd2 Qe7 27. Rb2 Bc4 28. e3 Bxf1 29. Kxf1 Qa3 30. Qc2 Qd6 31. Rc5 Qc7 32.
Rxa5 Rxb3 33. Rxb3 Rxb3 34. Ra8+ Rb8 35. Rxb8+ Qxb8 36. Qxc6 Qb1+ 37. Ke2
Kg7 38. Qb5 Qc2+ 39. Kf1 g5 40. h3 Qd1+ 41. Kg2 h5 42. a5 g4 43. h4 Qf3+
44. Kg1 Qd1+ 45. Kh2 Qa1 46. a6 Kf6 47. Kg2 Kg7 48. Qd3 Qa5 49. Qe2 Qa1 50.
Qb5 Kf6 51. Qb6 Qd1 52. Qd8+ Kf5 53. Qg5+ Ke4 54. Qf4+ Kd3 55. e4 Kxd4 56.
a7 Qa1 57. exd5+ Kxd5 58. Qb8 1-0

[Event "XXIV Open"]
[Site "Cappelle La Grande FRA"]
[Date "2008.02.17"]
[Round "2"]
[White "Babaev,Ra"]
[Black "Medghoul,S"]
[Result "1-0"]
[WhiteElo "2468"]
[BlackElo "2231"]
[EventDate "2008.02.16"]

1. e4 e6 2. d4 d5 3. Nd2 Nf6 4. e5 Nfd7 5. Bd3 c5 6. c3 Nc6 7. Ngf3 g6 8.
h4 Qb6 9. h5 g5 10. Nxg5 cxd4 11. cxd4 Qxd4 12. Ndf3 Qb4+ 13. Bd2 Qxb2 14.
Bxh7 Ndxe5 15. Rb1 Qxa2 16. Nxe5 Nxe5 17. Bc3 Bg7 18. O-O Qc4 19. h6 Bf6
20. Bxe5 Bxe5 21. Qh5 Rxh7 22. Nxh7 Bf4 23. Nf6+ Ke7 24. h7 1-0

[Event "XXIV Open"]
[Site "Cappelle La Grande FRA"]
[Date "2008.02.17"]
[Round "2"]
[White "Klovans,J"]
[Black "Mancini,M"]
[Result "1-0"]
[WhiteElo "2447"]
[BlackElo "2225"]
[EventDate "2008.02.16"]

1. e4 e5 2. Nf3 Nc6 3. d4 exd4 4. Nxd4 Bc5 5. Be3 Qf6 6. c3 Nge7 7. g3 d5
8. Bg2 dxe4 9. Nb5 Bd6 10. Nd2 Bf5 11. Nxe4 Bxe4 12. Bxe4 O-O 13. Nxd6 cxd6
14. O-O Rfd8 15. Qh5 g6 16. Bg5 Qe6 17. Qh4 d5 18. Bc2 Re8 19. Rfe1 Ne5 20.
Qf4 Nf5 21. g4 Nd6 22. h3 f5 23. gxf5 gxf5 24. f3 Ndf7 25. Bxf5 Qb6+ 26.
Kh1 Ng6 27. Bxg6 hxg6 28. Bf6 Re6 29. Bd4 Qc6 30. Rxe6 Qxe6 31. Qg4 Re8 32.
Rg1 Qxg4 33. hxg4 Ng5 34. Kg2 Re2+ 35. Kg3 Rxb2 36. Re1 Kf7 37. Re5 Ne6 38.
Bxa7 Rxa2 39. Bd4 Nc7 40. Bc5 Ne6 41. Rxd5 Nxc5 42. Rxc5 Ra3 43. Kf4 Kf6
44. Ke4 Ra4+ 45. Ke3 Ra1 46. Rb5 Rc1 47. Kd4 Rf1 48. Ke4 Re1+ 49. Kd4 Rf1
50. g5+ Ke6 51. Ke4 Re1+ 52. Kf4 Rc1 53. Rb6+ Kd5 54. Rxg6 Rxc3 55. Rh6
Rc4+ 56. Kf5 1-0

[Event "XXIV Open"]
[Site "Cappelle La Grande FRA"]
[Date "2008.02.17"]
[Round "2"]
[White "Soyez,C"]
[Black "Hess,Ro"]
[Result "0-1"]
[WhiteElo "2247"]
[BlackElo "2445"]
[EventDate "2008.02.16"]

1. c4 e6 2. g3 Nf6 3. Bg2 d5 4. Nf3 dxc4 5. Na3 Bxa3 6. bxa3 O-O 7. Qc2 c5
8. Qxc4 Nbd7 9. O-O Rb8 10. Rb1 e5 11. Nxe5 Nxe5 12. Qxc5 Re8 13. Qxa7 Bg4
14. d4 Ned7 15. Bf4 Bxe2 16. Rfe1 Ra8 17. Qxb7 Rc8 18. Bc6 h6 19. a4 Re7
20. a5 g5 0-1

[Event "XXIV Open"]
[Site "Cappelle La Grande FRA"]
[Date "2008.02.17"]
[Round "2"]
[White "Llaneza Vega,M"]
[Black "Carton,C"]
[Result "1-0"]
[WhiteElo "2445"]
[BlackElo "2221"]
[EventDate "2008.02.16"]

1. e4 e6 2. d4 d5 3. Nc3 Bb4 4. e5 c5 5. Bd2 Ne7 6. dxc5 Nbc6 7. f4 Nf5 8.
Bd3 Bxc5 9. Nf3 Nb4 10. Qe2 Nxd3+ 11. Qxd3 Bd7 12. O-O-O h5 13. Rhe1 a6 14.
Kb1 g6 15. Bc1 Rc8 16. Ng5 Bc6 17. Qh3 Rh6 18. Nce4 Be7 19. b3 Qc7 20. Nf6+
Kf8 21. Bb2 Bb5 22. Ka1 Bb4 23. c3 Bxc3 24. Rc1 Bxe1 25. Rxc7 Rxc7 26. a4
Bc6 27. Qd3 Kg7 28. Nf3 Bf2 29. g4 hxg4 30. Nxg4 Bc5 31. Nxh6 Nxh6 32. Qc3
Be7 33. Nd4 Rc8 34. Qg3 Kh7 35. Qh3 Bd7 36. Kb1 Rh8 37. Qc3 Rc8 38. Qa5 Bc5
39. Nf3 Be3 40. Qb4 Bc6 41. Qe7 Re8 42. Qf6 Bc5 43. f5 1-0